Persian Gulf War veterans : joint hearing before the Subcommittee on Health and Subcommittee on Oversight and Investigations of the Committee on Veterans' Affairs, House of Representatives; One Hundred Fifth Congress, first session; April 16, 1997.

Bibliographic Details
Corporate Authors: United States. Congress. House. Committee on Veterans' Affairs. Subcommittee on Health (Author), United States. Congress. House. Committee on Veterans' Affairs. Subcommittee on Oversight and Investigations (Author)
Format: Government Document eBook
Language:English
Published: Washington : U.S. Government Printing Office, 1997.
Subjects:
Online Access:https://purl.fdlp.gov/GPO/gpo64006

MARC

Tag First Indicator Second Indicator Subfields
LEADER 00000cam a2200000 i 4500
001 in00003614813
005 20211120173728.0
006 m o d f
007 cr bn||||a||||
008 120901s1997 dcua ob f000 0 eng c
019 |a 652499534  |a 809471710 
035 |a (OCoLC)ocn808981432 
040 |a OCLCE  |b eng  |e rda  |e pn  |c OCLCE  |d OCLCQ  |d OCLCO  |d CWCLL  |d GPO  |d MvI  |d UtOrBLW 
042 |a dlr 
043 |a n-us---  |a a-iq--- 
049 |a WWW 
074 |a 1027-C (online) 
086 0 |a Y 4.V 64/3:105-4 
088 |a Serial no. 105-4 (United States. Congress. House. Committee on Veterans' Affairs) 
110 1 |a United States.  |b Congress.  |b House.  |b Committee on Veterans' Affairs.  |b Subcommittee on Health,  |e author.  |0 http://id.loc.gov/authorities/names/no97041585 
245 1 0 |a Persian Gulf War veterans :  |b joint hearing before the Subcommittee on Health and Subcommittee on Oversight and Investigations of the Committee on Veterans' Affairs, House of Representatives; One Hundred Fifth Congress, first session; April 16, 1997. 
264 1 |a Washington :  |b U.S. Government Printing Office,  |c 1997. 
300 |a 1 online resource (iv, 286 pages) :  |b illustrations 
336 |a text  |b txt  |2 rdacontent 
337 |a computer  |b c  |2 rdamedia 
338 |a online resource  |b cr  |2 rdacarrier 
500 |a Title from title screen (viewed on Dec. 21, 2015). 
504 |a Includes bibliographical references. 
500 |a "Serial number 105-4." 
650 0 |a Chemical warfare  |z Iraq. 
650 0 |a Veterans  |x Medical care  |x Law and legislation  |z United States.  |0 http://id.loc.gov/authorities/subjects/sh2008113200 
650 0 |a Persian Gulf War, 1991  |x Veterans  |x Medical care  |z United States.  |0 http://id.loc.gov/authorities/subjects/sh2010105535 
650 0 |a Persian Gulf War, 1991  |x Veterans  |x Services for  |z United States. 
650 0 |a Persian Gulf War, 1991  |x Health aspects  |z United States.  |0 http://id.loc.gov/authorities/subjects/sh2008109068 
650 0 |a Veterans  |x Diseases  |z United States.  |0 http://id.loc.gov/authorities/subjects/sh2008113190 
650 2 |a Chemical Warfare.  |0 https://id.nlm.nih.gov/mesh/D002618 
650 2 |a Health Services.  |0 https://id.nlm.nih.gov/mesh/D006296 
650 2 |a Persian Gulf Syndrome.  |0 https://id.nlm.nih.gov/mesh/D018923 
650 2 |a Veterans.  |0 https://id.nlm.nih.gov/mesh/D014728 
651 2 |a United States. 
655 7 |a Legislative hearings.  |2 lcgft  |0 http://id.loc.gov/authorities/genreForms/gf2011026362 
710 1 |a United States.  |b Congress.  |b House.  |b Committee on Veterans' Affairs.  |b Subcommittee on Oversight and Investigations,  |e author.  |0 http://id.loc.gov/authorities/names/n81100874 
776 0 8 |i Print version:  |a United States. Congress. House. Committee on Veterans' Affairs. Subcommittee on Health.  |t Persian Gulf War veterans  |w (DLC) 98133450  |w (OCoLC)38314379 
856 4 0 |u https://purl.fdlp.gov/GPO/gpo64006  |t 0 
999 f f |s 3005b717-0e26-3aea-8f2d-e4f4f855194f  |i e509c536-0a06-3841-943f-c360dc289cf5  |t 0 
952 f f |a Texas A&M University  |b College Station  |c Electronic Resources  |d Available Online  |t 0  |e Y 4.V 64/3:105-4  |h Superintendent of Documents classification 
998 f f |a Y 4.V 64/3:105-4  |t 0  |l Available Online